000 00706nam a2200181 i 4500
001 149205
003 ES-MaACL
005 20230906203010.0
007 t|
008 071019s1973 sp ||||1| spa d
100 1 _aVega Rodríguez, José de la.
_9113620
245 1 3 _aLa Línea de la Concepción (Cádiz)
_b: cien años de historia 1870-1970 /
_crecopilador y ordenador de datos José de la Vega Rodríguez.
260 _a[Cádiz :
_bDiputación Provincial,
_c1973]
300 _a489 p., 5 lám., 2 plan. pleg. :
_bil. ;
_c25 cm.
651 4 _aLa Línea de la Concepción-
_xHistoria.
_9169524
710 2 _aCádiz (Provincia).
_bDiputación Provincial.
_92268
852 _aES-MaACL
_jC-54714
_bR.87241
999 _c149205
_d149205